• 首页
  • 本馆介绍
  • 公告通知
  • 最新文献
  • 馆藏检索
  • 电子资源
  • 读者荐购
  • 参考咨询
  • CALIS
  • 我的图书馆
  • 登录
  • 详细信息显示
  • 放入我的书架
  • 预约/预借图书
  • 作者相关作品
  • 分类相关作品
  • 丛书相关作品
  • 出版社相关作品

书目信息

  • 表格格式
  • 工作单格式
  • 卡片格式
题名:
电子商务概论
    
 
作者: 赵芳 主编
分册:  
出版信息: 大连   东北财经大学出版社  2020.5
页数: 301页
开本: 19cm
丛书名:
单 册:
中图分类: F713.36
科图分类:
主题词: 电子商务--高等学校--教材
电子资源:
ISBN: 978-7-5654-3784-7
 
 
 
 
 
000 00895nam0 2200241 450
001 012020016714
005 20200616172342.9
010    @a978-7-5654-3784-7@dCNY42.00
100    @a20200616d2020 em y0chiy0110 ea
101 0  @achi
102    @aCN@b210000
105    @af z 000zy
106    @ar
200 1  @a电子商务概论@9Dian Zi Shang Wu Gai Lun @f赵芳主编
205    @a2版
210    @a大连@c东北财经大学出版社@d2020.5
215    @a301页@d19cm
330    @a本书站在管理的视角,根据电子商务运作的内在逻辑对电子商务知识体系进行了重新整合。全书共10章,内容包括电子商务概述、电子商务商业模式、电子商务技术基础、电子商务网站建设、电子商务安全、网络营销、电子支付与网上银行、电子商务物流、电子商务典型应用、电子商务法律规范。
606 0  @a电子商务@x高等学校@j教材
690 0  @aF713.36@v5
701  0 @a赵芳@9Zhao Fang @4主编
801  0 @aCN@b人天书店@c20200616
905    @aTSG@dF713@eZ302@f2
    
    电子商务概论/赵芳主编.-2版.-大连:东北财经大学出版社,2020.5
    301页;19cm
    
    
    ISBN 978-7-5654-3784-7:CNY42.00
    本书站在管理的视角,根据电子商务运作的内在逻辑对电子商务知识体系进行了重新整合。全书共10章,内容包括电子商务概述、电子商务商业模式、电子商务技术基础、电子商务网站建设、电子商务安全、网络营销、电子支付与网上银行、电子商务物流、电子商务典型应用、电子商务法律规范。
●
相关链接 在E读中查询图书 在当当中查询图书 在豆瓣中查询图书


正题名:电子商务概论     索取号:F713/Z302         预约/预借

序号 登录号 条形码 馆藏地/架位号 状态 备注
1 1534090   215340904   社科库409/409社科库 40排6列3层/ [索取号:F713/Z302] 在馆    
2 1534091   215340913   社科库409/409社科库 40排6列3层/ [索取号:F713/Z302] 在馆    
河南城建学院图书馆 欢迎您!
大连网信软件有限公司© 版权所有